V. 15, № 3; Journal of Solid State Electrochemistry

Detalles Bibliográficos
Parent link:Journal of Solid State Electrochemistry: научные исследования и разработки в области науки и технологии. V. 15, № 3.— , 2010-
Idioma:inglés
Publicado: 2011
Formato: Libro
KOHA link:https://koha.lib.tpu.ru/cgi-bin/koha/opac-detail.pl?biblionumber=570353

MARC

LEADER 00000nam2a2200000 4500
001 570353
005 20231101125008.0
035 |a (RuTPU)RU\TPU\prd\267903 
090 |a 570353 
100 |a 20161216a20009999k y0engy50 ca 
101 0 |a eng 
102 |a DE 
200 0 |a V. 15, № 3 
210 |d 2011 
461 1 |0 (RuTPU)RU\TPU\prd\266609  |t Journal of Solid State Electrochemistry  |o научные исследования и разработки в области науки и технологии  |v V. 15, № 3  |d 2010- 
801 0 |a RU  |b 63413507  |c 20010227  |g PSBO 
801 1 |a RU  |b 63413507  |c 20161216 
801 2 |a RU  |b 63413507  |c 20190325  |g RCR 
942 |c BK 
999 |a НТБ_ТПУ  |b НФ  |e -1/20160111  |p П-9492  |u 0,00  |v 1  |y 13821000815004